Представление документа в формате RUSMARC

ПолеНазваниеЗначение
  Тип записи a
  Библиографический уровень m
001 Контрольный номер UONB/MAIN/de1fcb62838248eba01efa8c89d1f99b
005 Дата корректировки 20260429170530.0
010 Индекс ISBN __
d Цена 70 к.
9 Тираж 75000 экз.
100 Данные общей обработки __
a Данные общей обработки 20260429d1951 u y0rusy0189 ca
101 Язык документа 0_
a Язык текста rus
102 Страна публикации __
a Страна публикации RU
105 Кодированные данные (монография) __
a Кодированные данные (монография) a z 000ay
200 Заглавие и сведения об ответственности 1_
a Заглавие Никита и Микитка
e Сведения, относящиеся к заглавию исторический рассказ
f Первые сведения об ответственности В. Г. Ян
g Последующие сведения об ответственности иллюстратор Н. Шеберстов
210 Выходные данные 1_
a Место издания Москва
a Место издания Ленинград
c Издательство Детгиз
d Дата издания 1951
215 Физическое описание __
a Объем 71 с.
c Иллюстрации/тип воспроизводства ил.
d Формат 20 см
225 Серия 1_
a Серия Школьная библиотека для нерусских школ
e Сведения, относящиеся к заглавию серии Для семилетней школы
606 Тематические рубрики 0_
x Основная подрубрика Русское государство
z Хронологическая подрубрика 16 в. (д. л.)
610 Ключевые слова 0_
a Ключевые слова рассказы исторические; русское государство 16 в.
686 Индексы других классификаций __
a Классификационный индекс 84Р2
2 Код системы rubbk
700 Автор _1
a Фамилия Ян
b Имя (инициалы) В. Г.
g Полное личное имя Василий Григорьевич
702 Вторичная интеллектуальная ответственность _1
a Фамилия Шеберстов
b Имя (инициалы) Н. А.
g Полное личное имя Николай Александрович
4 Код отношения 440
801 Источник записи _0
a Страна RU
b Организация Ульяновская ОНБ
c Дата составления 20260429
g Правила каталогизации RCR
801 Источник записи _1
a Страна RU
b Организация Ульяновская ОНБ
c Дата составления 20260429
g Правила каталогизации RCR
901 Тип документа __
t Тип документа m
909 Создатель записи __
a Создатель записи Карпаева
b Дата создания записи 20260429